000 02079cam a22005174i 4500
003 PE-LiUPU
005 20250731173409.0
008 150706s2001 miu r 000 0 spa d
020 _a9780825415302
035 _a(Sirsi) i9780825415302
040 _aPE-LiUPU
_bspa
_cPE-LiUPU
_erda
049 _aPRUA
082 0 4 _a270.82
_bM15
_221
100 1 _aMacArthur, John E. ,
_eautor.
245 1 0 _aAvergonzados del evangelio :
_bcuando la iglesia se vuelve semejante al mundo /
_cJohn F. MacArthur.
264 1 _aMichigan :
_bPORTAVOZ,
_c2001.
300 _a286 páginas ;
_c23 centímetros
336 _atext
_2rdacontent
337 _aunmediated
_2rdamedia
338 _avolume
_2rdacarrier
505 0 _aEl cristianismo cuesta abajo - La iglesia al gusto del consumidor? - ¡Quiero religión de entretenimiento! -- Todas las cosas para todos los hombres -- La locura de Dios -- El poder de Dios para la salvación - Pablo en el Areópago -- La soberanía de Dios en la salvación -- Yo edificaré mi iglesia -- epílogo.
526 _aSEG42
526 _aSEG41
526 _aSEG40
526 _aSEG39
526 _aP94
526 _aP87
526 _aP86
526 _aP85
526 _aP77
526 _aP76
526 _aP35
541 _g001-0000539;
600 1 _aSpurgeon, C. H. (Charles Haddon),
_d1834-1892.
650 1 4 _aEvangelismo.
_9953
650 2 4 _aIglesia y mundo.
650 2 4 _aTeología pastoral.
_91381
650 2 4 _aPredicación.
700 1 _aBernal López,John Alfredo,
_etr.
910 _agl
_bjv
_cng
_d20110927
942 _2ddc
_cBOOK
949 _a270.82 M15
_wDEWEY
_c1
_i63713
_lCCODEBUL1
_mBUL
_p39.00
_r0
_sY
_tBOOK
_u2015-7-6
_xTEOLOGIA
_PP35
_o.STAFF. Colección General
994 _aC0
_bPEPRU
596 _a1
999 _a270.82 M15
_wDEWEY
_c52610
_i63713
_d52610
_e2017-7-25
_f2021-11-11
_g6
_lCCODEBUL1
_mBUL
_n24
_p39.00
_q2
_r0
_sY
_tBOOK
_u2015-7-6
_xTEOLOGIA
_PP35
_0COMPRA
_o.STAFF. Colección Teología
980 _81
_gALBERTO SANCHEZ Responsable de Automatización